000 01277cam a2200277 i 4500
003 SA-RiAUC
005 20251014064359.0
008 251005s1989 ku g c 00010 ara c
040 _aSA-RiAUC
_bara
_cSA-RiAUC
_erda
043 _aa-ku---
082 0 4 _a011.3109538
_qSA-RiAUC
090 _a011.3109538
_bج م ع
110 2 _aجمعية إحياء التراث الإسلامي (الكويت)
_eمؤلف.
245 1 0 _aفهرس المخطوطات المصورة في مركز المخطوطات والتراث الإسلامي /
_cجمعية إحياء التراث الإسلامي.
250 _aالطبعة الأولى.
264 1 _aالكويت :
_bجمعية إحياء التراث الإسلامي، مركز المخطوطات والتراث والوثائق،
_c1989
300 _aمجلد ؛
_c21 سم.
336 _aنص
_btxt
_2rdacontent
_3كتاب
337 _aبدون وسيط
_bn
_2rdamedia
338 _aمجلد
_bnc
_2rdacarrier
440 0 _aجمعية إحياء التراث الإسلامي
_v1.
610 2 7 _aجمعية إحياء التراث الإسلامي (الكويت)
_2aucnm
650 7 _aالمخطوطات العربية
_zالكويت
_vفهارس
_2aucsh
942 _2ddc
_cBOOK
_n0
949 _aSA-JeALM
_d251005
_umohamedma123
_n1
999 _c12522
_d12522